[Event "Wellington CC Autumn Cup-C"]
[Site "Wellington"]
[Date "2012.05.15"]
[Round "3"]
[White "Farrington, Lawrence B"]
[Black "Stoeveken, Peter"]
[Result "0-1"]
[WhiteElo "1767"]
[BlackElo "1888"]
[PlyCount "86"]
[EventDate "2012.05.01"]
[EventType "tourn"]
[EventRounds "5"]
[EventCountry "NZL"]
[SourceTitle "EXT 2018"]
[Source "ChessBase"]
[SourceDate "2017.10.13"]
[SourceVersion "1"]
[SourceVersionDate "2017.10.13"]
[SourceQuality "1"]

1. e4 e6 2. d4 d5 3. Nc3 Bb4 4. e5 c5 5. a3 Ba5 6. Nf3 Nc6 7. Bb5 Nge7 8. dxc5 Bxc3+ 9. bxc3 Qa5 10. Qd3 a6 11. Bxc6+ Nxc6 12. Bd2 Qxc5 13. Be3 Qa5 14. 0-0 Ne7 15. Rfb1 Bd7 16. Bb6 Qa4 17. Rb4 Qc6 18. Bd4 b5 19. a4 0-0 20. axb5 axb5 21. Rxa8 Rxa8 22. Rb1 Rc8 23. g4 Qc7 24. Rb2 Qa5 25. Nd2 Qc7 26. Ra2 Nc6 27. f4 f6 28. Nf3 b4 29. Rb2 Qa5 30. cxb4 Nxb4 31. Qd2 Qa1+ 32. Kg2 Nc6 33. Rb7 Nxd4 34. Nxd4 Bc6 35. Rb6 Qa4 36. Qb4 Qa8 37. Nxe6 d4+ 38. Kg3 Bh1 39. Qd2 Rc3+ 40. Kh4 Qf3 41. Rb8+ Kf7 42. Ng5+ fxg5+ 43. Kxg5 h6+ 0-1

[Event "Wellington CC Autumn Cup-C"]
[Site "Wellington"]
[Date "2012.05.08"]
[Round "2"]
[White "Stoeveken, Peter"]
[Black "Hewson, Michael"]
[Result "1/2-1/2"]
[WhiteElo "1888"]
[BlackElo "1799"]
[PlyCount "82"]
[EventDate "2012.05.01"]
[EventType "tourn"]
[EventRounds "5"]
[EventCountry "NZL"]
[SourceTitle "EXT 2018"]
[Source "ChessBase"]
[SourceDate "2017.10.13"]
[SourceVersion "1"]
[SourceVersionDate "2017.10.13"]
[SourceQuality "1"]

1. d4 Nf6 2. c4 c5 3. d5 b5 4. Nc3 bxc4 5. e4 d6 6. Bxc4 g6 7. Nf3 Bg7 8. e5 dxe5 9. Nxe5 0-0 10. Nd3 Na6 11. Be3 Qa5 12. 0-0 Rd8 13. Qe2 Nb4 14. Nxc5 Nfxd5 15. Qf3 Bg4 16. Qxg4 Nxe3 17. fxe3 Qxc5 18. Rxf7 Qxe3+ 19. Kh1 Kh8 20. Qh4 Rd4 21. Qe1 Qxe1+ 22. Rxe1 Rxc4 23. Rexe7 Rf8 24. Rxf8+ Bxf8 25. Rxa7 Rf4 26. g3 Rf2 27. a3 Nc6 28. Rc7 Ne5 29. Ne4 Rf7 30. Rxf7 Nxf7 31. b4 Nd6 32. Nxd6 Bxd6 33. Kg2 Kg7 34. Kf3 Kf6 35. Kg4 h5+ 36. Kf3 h4 37. gxh4 Bxh2 38. b5 Bc7 39. Kg4 Ba5 40. Kf4 Bc7+ 41. Kg4 Ba5 1/2-1/2